[Event "ITA-ch U20"]
[Site "Tarvisio"]
[Date "2023.07.06"]
[Round "5"]
[White "Solinas, Lorenzo"]
[Black "Fabbri, Giorgio"]
[Result "1-0"]
[WhiteElo "1536"]
[BlackElo "1754"]
[PlyCount "159"]
[EventDate "2023.07.02"]
[EventType "swiss"]
[EventRounds "9"]
[EventCountry "ITA"]
[SourceTitle "EXT 2024"]
[Source "ChessBase"]
[SourceDate "2023.10.10"]
[SourceVersion "1"]
[SourceVersionDate "2023.10.10"]
[SourceQuality "1"]

1. e4 d6 2. d4 Nf6 3. Nc3 g6 4. Be3 c6 5. Qd2 b5 6. Bd3 Nbd7 7. Nf3 Nb6 8. Bh6 Bg4 9. Bxf8 Rxf8 10. 0-0-0 Bxf3 11. gxf3 Qc7 12. e5 b4 13. Nb5 cxb5 14. exf6 Nc4 15. Qxb4 a6 16. fxe7 Kxe7 17. Rhe1+ Kf6 18. d5 Rac8 19. f4 Kg7 20. Qc3+ Kg8 21. h4 Qd8 22. Qd4 Qa5 23. Kb1 Qb4 24. Bxc4 Rxc4 25. Qd3 Rxf4 26. h5 Rh4 27. hxg6 hxg6 28. Rh1 Re8 29. a3 Qf4 30. Rxh4 Qxh4 31. Qf3 Qe4 32. Qh3 Re5 33. Rh1 Rh5 34. Qc8+ Kg7 35. Rxh5 gxh5 36. Qc3+ Kh7 37. Qd2 Kg6 38. Qd1 h4 39. Qg1+ Kf6 40. Qh2 Ke7 41. Qh3 Qe1+ 42. Ka2 Qxf2 43. Qc3 Qf4 44. Qc7+ Kf8 45. Qc8+ Kg7 46. Qc3+ Kh7 47. Qd3+ Kh6 48. Qh3 Qg5 49. Qf3 f5 50. Qe2 Qf6 51. Qf3 Qe5 52. b3 Qe4 53. Qd1 h3 54. Qd2+ f4 55. Qh2 Qe3 56. Qh1 Qg3 57. Qe4 f3 58. Qe6+ Kg5 59. Qe7+ Kg4 60. Qe6+ Kh4 61. Qh6+ Kg4 62. Qe6+ Kg5 63. Qe7+ Kh6 64. Qe6+ Kh5 65. Qf5+ Qg5 66. Qxh3+ Kg6 67. Qxf3 Qd2 68. Qe4+ Kg7 69. Kb2 Qh2 70. Kc3 Qg3+ 71. Kb4 a5+ 72. Kxb5 Qg1 73. Qc4 Qa7 74. Qc6 Qb8+ 75. Kxa5 Qa7+ 76. Kb4 Qd4+ 77. Qc4 Qb6+ 78. Kc3 Qa5+ 79. Kb2 Kf8 80. Qc8+ 1-0